Ładuje się......

Principles of real Analysis

Opis bibliograficzny
1. autor: Aliprantis, Charalambos D
Kolejni autorzy: Burkinshaw, Owen
Format: Printed Book
Język:English
Wydane: Singapore Harcourt Asia Pte Ltd 2000
Wydanie:3rd ed.
Hasła przedmiotowe:
LEADER 00546nam a2200169Ia 4500
008 101204s9999 xx 000 0 eng d
020 |a 9814033707 
100 |a Aliprantis, Charalambos D 
245 |a Principles of real Analysis 
250 |a 3rd ed. 
260 |b Harcourt Asia Pte Ltd  |a Singapore  |c 2000 
300 |a 415 
650 |a Calculus 
700 |a Burkinshaw, Owen 
942 |c BK 
999 |c 188814  |d 188814 
952 |0 0  |1 0  |4 0  |6 513_000000000000000_ALI_P  |7 0  |9 208168  |a STA  |b STA  |c ST1  |d 2010-12-04  |i 1415  |l 0  |o 513 ALI/P  |p STA1415  |r 2018-08-21  |w 2018-08-21  |y BK